| 000 | 00750nam a2200217 a 4500 | ||
|---|---|---|---|
| 001 | 47308 | ||
| 003 | BD-RjUL | ||
| 005 | 20211209054307.0 | ||
| 008 | 160808s1977 bg ||||| |||| 00| 0 ben d | ||
| 020 | _c :Tk.80.00 | ||
| 035 | _a(BD-RjUL)47427 | ||
| 040 |
_aBD-RjUL _bben _cBD-RjUL |
||
| 041 | _aben | ||
| 082 |
_223 _a345.49205002632 _bRAD 1977 |
||
| 100 |
_aরহমান, গাজী শামছুর _9143987 |
||
| 245 |
_aদন্ডবিধির ভাষ্য / _cগাজী শামছুর রহমান |
||
| 260 |
_aঢাকা : _bবাংলা একাডেমী, _c১৯৭৭ |
||
| 300 |
_a[৩৭],৮৮০ পৃ. ; _c২১ সেমি. |
||
| 650 |
_aCriminal law . _zBangladesh _9141686 |
||
| 942 |
_2ddc _cBK |
||
| 999 |
_c47308 _d47308 |
||